A study of the problems and opportunities of the pharmaceutical manufacturing industry in Singapore /
Saved in:
| 主要作者: | |
|---|---|
| 格式: | Thesis 圖書 |
| 語言: | English |
| 出版: |
1990.
|
| 主題: | |
| 標簽: |
添加標簽
沒有標簽, 成為第一個標記此記錄!
|
| LEADER | 00839cam a2200241 a 4500 | ||
|---|---|---|---|
| 001 | u94698 | ||
| 003 | SIRSI | ||
| 008 | 910704s1990 si v 00 1 eng m | ||
| 035 | |a AAK-3467 | ||
| 040 | |a UMM | ||
| 043 | |a a-si--- | ||
| 090 | |a HD9672 |b S55Koh | ||
| 100 | 1 | 0 | |a Koh, Sok Tiang. |
| 245 | 1 | 2 | |a A study of the problems and opportunities of the pharmaceutical manufacturing industry in Singapore / |c by Kok Sok Tiang. |
| 260 | |c 1990. | ||
| 300 | |a viii, 161 p. : |c 30 cm. | ||
| 500 | |a Photocopy. | ||
| 502 | |a Dissertation (M.B.A.) -- National University of Singapore, |c 1990. | ||
| 650 | 0 | |a Pharmaceutical industry |z Singapore. | |
| 650 | 0 | |a Nonprescription drug industry |z Singapore. | |
| 948 | |a 13/08/1991 |b 27/08/2002 | ||
| 596 | |a 1 | ||
| 999 | |a HD9672 S55KOH |w LC |c 1 |i A010718253 |d 14/12/2017 |e 14/12/2017 |l STACKS |m P01UTAMA |n 1 |r Y |s Y |t TESIS |u 5/6/1992 | ||
